Statistics for All Songs - Ghostemane

Click here to take the quiz!

General Stats

  • This quiz has been taken 6 times
  • The average score is 53 of 194

Answer Stats

HintAnswer% Correct
N / O / I / S / EBonesaw
100%
Rituals
Φ
100%
HexadaHexada
100%
HexadaMercury: Retrograde
100%
N / O / I / S / ENihil
100%
N / O / I / S / EBallgag
83%
ANTI-ICONCalamity
83%
ANTI-ICONFed Up
83%
N / O / I / S / EFlesh
83%
HIADICA | HUMAN ERR0R (with Parv0)I duckinf hatw you
83%
HexadaNAILS
83%
RitualsNiagara (feat. Lil Peep)
83%
HIADICA | HUMAN ERR0R (with Parv0)To Whom It May Concern
83%
ANTI-ICONVagabond
83%
BlackmageVenom
83%
For the Aspiring OccultistCaligula
67%
HexadaD(r)own
67%
ANTI-ICONFalling Down
67%
Dahlia I (with Getter)Hack Slash
67%
ANTI-ICONHellrap
67%
ANTI-ICONHydrochloride
67%
N / O / I / S / EInside
67%
ANTI-ICONLazaretto
67%
HIADICA | HUMAN ERR0R (with Parv0)Omnis
67%
ANTI-ICONSacrilege
67%
Taboo1%
50%
ANTI-ICONAI
50%
PlaguesAndromeda
50%
ANTI-ICONAnti-Social Masochistic Rage [ASMR]
50%
N / O / I / S / EBlack Blood
50%
BlackmageElixir
50%
N / O / I / S / EGatteka
50%
Dæmon IIIHades
50%
ANTI-ICONMelanchoholic
50%
N / O / I / S / EMy Heart of Glass
50%
OogaboogaOogabooga
50%
HexadaSqueeze
50%
ANTI-ICONThe Winds of Change
50%
N / O / I / S / ETrench Coat
50%
LXRDMAGE (with Scarlxrd)маг
33%
LXRDMAGE (with Scarlxrd)навсегда
33%
HIADICA | OpiumAcrylic
33%
Dahlia I (with Getter)Beware, the Sirens
33%
BlackmageBlackmage
33%
Blunts N Brass MonkeyBlunts-N-BrassMonkey
33%
Fear Network | HIADICACarbomb
33%
Fear Network IICrash 'n Learn
33%
Fear Network IICrime Time
33%
OogaboogaDeadCelebs
33%
Digital DemonsDigital Demons
33%
LXRDMAGE (with Scarlxrd)
владыка
33%
DogmaDOGMA (feat. SupaSortahuman)
33%
PlaguesEuronymous
33%
TabooEvilMindz (feat. Horus The Astroneer)
33%
Dahlia I (with Getter)Grain
33%
HIADICA | OpiumGranada Hotel
33%
N / O / I / S / EIntro.Desolation
33%
ANTI-ICONIntro.Destitute
33%
OogaboogaNun Ta Sho
33%
OogaboogaOrder 666
33%
HIADICA | OpiumPathetic
33%
Fear Network | HIADICAPink Mist
33%
For the Aspiring OccultistPlague Doctor Mask
33%
PlaguesPlague Dr Mask II
33%
PlaguesPlagues
33%
HexadaPolaris
33%
Dæmon IIIPRÆY
33%
HexadaRake
33%
PlaguesRapture
33%
HexadaSmog (City of Angeles)
33%
OogaboogaSneak Diss (feat. Seed of 6ix)
33%
RitualsStarterJacket
33%
TabooTABOO
33%
N / O / I / S / EThe Singularity
33%
BlackmageThe Whole Where My Head Once Lived
33%
PlaguesUntil the Light Takes Us
33%
DogmaVirgil Warned Me About This Shit (Inferno)
33%
PlaguesWishers Lose Copper Dreamers Lose Everything
33%
N / O / I / S / EAndroids Dreams of Electric Sheep
17%
DogmaAtlantis Is Buried Beneath The Ice In Antarctica
17%
BlackmageAvatar
17%
PlaguesAxis
17%
RitualsBalaclava (feat. JGRXXN)
17%
Dæmon IIIBegotten (Where Was God)
17%
Dæmon IBlack Blade Katana
17%
TabooBlack Cloudz (feat. Evil Pimp)
17%
OogaboogaBloodshot (feat. Wavy Jone$)
17%
For the Aspiring OccultistBuckshot (feat. Craig Xen)
17%
HexadaChanging of the Tides
17%
RitualsDear Old Dad
17%
ELEMENTAL (with JGRXXN & Lil Peep)DEATHWISH
17%
For the Aspiring OccultistDeathwrap
17%
Dæmon IDHML
17%
BlackmageEnter Anubis
17%
Dæmon IIEta Carinae (Interlude)
17%
RitualsExhumed
17%
Digital DemonsFor Mephisto
17%
ELEMENTAL (with JGRXXN & Lil Peep)Full Metal Sailboat
17%
Blunts N Brass MonkeyGHOSTEMANE
17%
PlaguesGodhead
17%
For the Aspiring OccultistGrindstone Cowboy
17%
Dæmon II Believe You, But My Tommy Gun Don't
17%
For the Aspiring OccultistInitiation
17%
HexadaIntro.Decadence
17%
OogaboogaJump
17%
RitualsJumpshot (feat. BEXEY & EMETA)
17%
For the Aspiring OccultistKast Out (feat. DJ Killa C, Lil Woofy Woof, Mr. Sisco, SupaSortahuman & Wavy Jone$)
17%
Astral Kreepin [Resurrected Hitz]Kronol
17%
Dæmon IIKybalion
17%
BlackmageLeprosy
17%
RitualsLight the Pillars
17%
Digital DemonsLobotomy
17%
For the Aspiring OccultistLucid (Dreaming)
17%
OogaboogaLysergic
17%
Fear Network | HIADICAMartial Law
17%
ELEMENTAL (with JGRXXN & Lil Peep)pray i die
17%
Dæmon IPsilocybe
17%
RitualsPurple Blankets Everywhere
17%
For the Aspiring OccultistRusty Chains (feat. Ramirez)
17%
BlackmageScrying Through Shattered Glass
17%
For the Aspiring OccultistSeppuku (feat. JGRXXN & $uicideboy$)
17%
RitualsSome Of Us May Never See the World
17%
For the Aspiring OccultistSouth Pole Ain't Comin Back
17%
BlackmageStarshot (feat. Wavy Jone$)
17%
RitualsSwan
17%
HexadaTartarus
17%
Astral Kreepin [Resurrected Hitz]Technicolor
17%
Astral Kreepin [Resurrected Hitz]Theta Wave
17%
Dæmon IIWhere Stars Go To Die
17%
PlaguesWretched (feat. Rozz Dyliams)
17%
Dæmon IIIYour Tone Of Voice Says It All (feat. Wicca Phase Spring Eternal)
17%
Dæmon IIIA Candlelit Mass
0%
Digital DemonsAnimosity
0%
BlackmageAs Above so Look out Below
0%
Dæmon IIIBermuda (feat. Ramirez)
0%
Dæmon IIBlasphemy At Turnbull Canyon
0%
Blunts N Brass MonkeyBOW
0%
TabooBrownBagBoy
0%
Astral Kreepin [Resurrected Hitz]Bumps In Tha Night
0%
Dæmon ICaptain Harlock Incenerated My Home World
0%
ELEMENTAL (with JGRXXN & Lil Peep)Choronzon
0%
Fear Network IIConvoulted
0%
Dæmon IICrucible
0%
PlaguesCult of Thoth
0%
KREEP EP [Klassics Out Tha Attic]Demon At The Swamp Shop (feat. DJ Insane)
0%
TabooDid.You.Check.Your.Spam
0%
Astral Kreepin [Resurrected Hitz]Don't Cha Come Around
0%
Blunts N Brass MonkeyFairWeatherFanz
0%
KREEP EP [Klassics Out Tha Attic]Get Up Offa Me (feat. Seed of 6ix)
0%
Ghoste TalesGoodie Goodie (feat. Evil Pimp)
0%
For the Aspiring OccultistHeavens Gate Has the Best Punch
0%
GRXXNGHOSTENAGROM (with JGRXXN)HELLNAGROM
0%
HexadaIdle Hands
0%
Astral Kreepin [Resurrected Hitz]I Met R.C. Christian
0%
Digital DemonsIn the Hollow of Worship
0%
PlaguesIntro.Discourse
0%
DogmaI Was Born In The Wrong Generation
0%
DogmaKlik Bait
0%
Blunts N Brass MonkeyKreepStreet
0%
PlaguesLady Madini
0%
Blunts N Brass MonkeyLeaveMeInTheSky
0%
Blunts N Brass MonkeyLikeThis
0%
TabooMollyOllyOxenFree
0%
Ghoste TalesNaturalBornThrillers
0%
Astral Kreepin [Resurrected Hitz]Not Whats Hot
0%
TabooOutland
0%
TabooPay-Per-View
0%
BlackmagePentacles (feat. OmenXIII & Killstation)
0%
Astral Kreepin [Resurrected Hitz]Pimp Slide Off A1A
0%
TabooPROXY
0%
RitualsPuma Fleece (feat. Wavy Jone$)
0%
GRXXNGHOSTENAGROM (with JGRXXN)RunRun
0%
Ghoste TalesSameOldKid (feat. DJ Killa C)
0%
TabooSamsāra
0%
RitualsSeacrest
0%
BlackmageSex Magick
0%
KREEP EP [Klassics Out Tha Attic]Slumbag (Turn Em 2 a Speed Bump)
0%
BlackmageSomewhere Between Happiness and the Bottom Of The Lake
0%
RitualsThe Science Behind Why We're Doomed from the Start
0%
Blunts N Brass MonkeyT.R.I.P
0%
OogaboogaWade Wilson Can't Die
0%
GRXXNGHOSTENAGROM (with JGRXXN)Wassup Mane
0%
Blunts N Brass MonkeyWheelsRubbin
0%
TabooWhere Ashdro At?
0%
Ghoste TalesWishbone
0%

Score Distribution

Percentile by Number Answered

Percent of People with Each Score

Your Score History

You have not taken this quiz